Statistics for Actors Who Have Acted With Zac Efron

Click here to take the quiz!

General Stats

  • This quiz has been taken 25 times
  • The average score is 10 of 23

Answer Stats

Movie (s)GenderActor/Actress% Correct
BaywatchMaleDwayne Johnson
90%
The Greatest Showman MaleHugh Jackman
81%
The Greatest ShowmanFemaleZendaya
71%
High School Musical FranchiseFemaleAshley Tisdale
67%
High School Musical FranchiseFemaleVanessa Hudgens
62%
HairsprayMaleJohn Travolta
57%
Dirty Grandpa, New Year's EveMaleRobert De Niro
57%
The Greatest ShowmanFemaleMichelle Williams
52%
Neighbors FranchiseMaleSeth Rogen
52%
High School Musical FranchiseMaleCorbin Bleu
48%
The LoraxFemaleTaylor Swift
48%
The Lorax, HairsprayMaleChristopher Walken
38%
High School Musical FranchiseMaleLucas Grabeel
38%
The Greatest ShowmanFemaleRebecca Ferguson
33%
Neighbors FranchiseFemaleRose Byrne
33%
BaywatchFemaleAlexandra Daddario
29%
The LoraxMaleDanny DeVito
29%
Mike and Dave Need Wedding DatesMaleAdam Devine
24%
HairsprayMaleJames Marsden
24%
Scoob!MaleFrank Welker
19%
Beach BumMaleMatthew McConaughey
19%
17 AgainMaleSterling Knight
19%
ParklandMaleTom Welling
14%

Score Distribution

Percentile by Number Answered

Percent of People with Each Score

Your Score History

You have not taken this quiz